banner koha

Aspectos clinicopatológicos e imunoistoquímicos do histiocitoma fibroso maligno estoriforme-pleomórfico em um cão (Registro n. 203327)

MARC details
000 -LÍDER
campo de controle de tamanho fixo 01001nas a2200301 4500
001 - NÚMERO DE CONTROLE
campo de controle BR0902489
003 - IDENTIFICADOR DO NÚMERO DE CONTROLE
campo de controle BR-BrBNA
005 - DATA E HORÁRIO DA ÚLTIMA TRANSAÇÃO
campo de controle 20231205113344.0
007 - CAMPO FIXO DE DESCRIÇÃO FÍSICA--INFORMAÇÃO GERAL
campo de controle de tamanho fixo ta
008 - CAMPO DE DADOS FIXOS--INFORMAÇÃO GERAL
campo de controle de tamanho fixo 230509b bl.|||p| |||| 00| 00por d
040 ## - FONTE DA CATALOGAÇÃO
Instituição da catalogação original BR-BrBNA
Idioma da catalogação por
Instituição que transcreveu o registro Biblioteca Nacional de Agricultura
041 ## - CÓDIGO DE IDIOMA
Código do idioma do texto/trilha sonora ou título diferente (Pt)
072 ## - CÓDIGO DE CATEGORIA DE ASSUNTO
Código de Categoria de Assunto L73
100 1# - ENTRADA PRINCIPAL--NOME PESSOAL
Nome pessoal Masuda, E.K.
100 1# - ENTRADA PRINCIPAL--NOME PESSOAL
Nome pessoal Gabriel, A.L.
100 1# - ENTRADA PRINCIPAL--NOME PESSOAL
Nome pessoal Anjos, B.L. dos
100 1# - ENTRADA PRINCIPAL--NOME PESSOAL
Nome pessoal Trost, M.E.
100 1# - ENTRADA PRINCIPAL--NOME PESSOAL
Nome pessoal Cavichioli, M.
100 1# - ENTRADA PRINCIPAL--NOME PESSOAL
Nome pessoal Graça, D.L.
245 1# - TÍTULO
Título Aspectos clinicopatológicos e imunoistoquímicos do histiocitoma fibroso maligno estoriforme-pleomórfico em um cão
650 ## - ASSUNTO--TERMO TÓPICO
Cabeçalho tópico ou nome geográfico CÃO
650 ## - ASSUNTO--TERMO TÓPICO
Cabeçalho tópico ou nome geográfico NEOPLASIA
650 ## - ASSUNTO--TERMO TÓPICO
Cabeçalho tópico ou nome geográfico CANCER
773 0# - ENTRADA ANALÍTICA
Título MEDVEP. Revista Científica de Medicina Veterinária. Pequenos Animais e Animais de Estimação (Brazil)
ISSN - International Standard Serial Number ISSN 1678-1430
Partes relacionadas (2008), v. 6(18) p. 177-183
Número de controle do registro BR0902489
856 40 - LOCALIZAÇÃO ELETRÔNICA E ACESSO
Uniform Resource Identifier <a href="http://www.aprh.pt/rgci/pdf/rgci-155_Borges.pdf">http://www.aprh.pt/rgci/pdf/rgci-155_Borges.pdf</a>
909 ## -
-- 202311
-- Lúcia
-- 55
-- Lúcia Elande
942 ## - ELEMENTOS DE ENTRADA ADICIONADOS (KOHA)
Fonte da classificação ou esquema de arquivamento na estante Classificação AGRIS
Ocultar no OPAC Não
Tipo de material Koha Analítica
Exemplares
Situação do descarte Fonte da classificação ou esquema de arquivamento na estante Situação física Não pode ser emprestado Biblioteca de origem Biblioteca atual Localização na estante Enumeração do periódico / cronologia Total de empréstimos Data de último acesso Número do exemplar Tipo de material Koha Fonte de aquisição
  Classificação AGRIS   Consulta local Biblioteca Nacional de Agricultura - Binagri Biblioteca Nacional de Agricultura - Binagri   (2008), v. 6(18) p. 177-183   29/11/2023 01 Periódicos Portaria Interministerial nº 164/94

BINAGRI

Telefone: (61)3218-2567/2388/3357/2097 - binagri@agro.gov.br

Ministério da Agricultura e Pecuária , Esplanada dos Ministérios, Bloco D, Anexo B, Brasília/DF, CEP: 70.043-900